[Event "JPN-ch"]
[Site "Tokyo"]
[Date "2018.05.02"]
[Round "8"]
[White "Hamane, Kenichi"]
[Black "Drakakis, Athanasios"]
[Result "0-1"]
[WhiteElo "1818"]
[BlackElo "1622"]
[PlyCount "110"]
[EventDate "2018.04.29"]
[EventType "swiss"]
[EventRounds "11"]
[EventCountry "JPN"]
[SourceTitle "CBM 184 Extra"]
[Source "ChessBase"]
[SourceDate "2018.06.28"]
[SourceVersion "1"]
[SourceVersionDate "2018.06.28"]
[SourceQuality "1"]

1. d4 d5 2. c4 e6 3. e3 Nf6 4. Nf3 Nbd7 5. b3 c6 6. Bd3 Bd6 7. 0-0 Ne4 8. Bb2 f5 9. Nc3 0-0 10. Ne2 Ndf6 11. Nf4 Qe7 12. a4 Kh8 13. Ne5 Bxe5 14. dxe5 Ng8 15. Bxe4 fxe4 16. Ba3 c5 17. cxd5 exd5 18. Qxd5 Rf5 19. Bxc5 Qxe5 20. Qxe5 Rxe5 21. Bd4 Rg5 22. Rfc1 Nf6 23. Bxa7 Bd7 24. Bd4 Ne8 25. h4 Rf5 26. h5 Kg8 27. Rc3 Rfa5 28. Bb6 R5a6 29. a5 Rxb6 30. axb6 Rxa1+ 31. Kh2 Rd1 32. Rc5 Rd6 33. Nd5 Kf7 34. Kg3 Rc6 35. Ra5 Be6 36. b4 Bxd5 37. Rxd5 Rxb6 38. Rd4 Nf6 39. Kh4 h6 40. g4 Rb5 41. Rc4 Kg8 42. Kg3 b6 43. f3 exf3 44. Kxf3 Nd5 45. e4 Nxb4 46. Rc8+ Kh7 47. Re8 Nc6 48. Kf4 Rc5 49. e5 b5 50. e6 Re5 51. Kg3 b4 52. Kf4 b3 53. Re7 Nxe7 54. Kxe5 b2 55. Kd6 Ng8 0-1

[Event "JPN-ch"]
[Site "Tokyo"]
[Date "2018.04.29"]
[Round "2"]
[White "Hamane, Kenichi"]
[Black "Kojima, Natsumi"]
[Result "0-1"]
[WhiteElo "1818"]
[BlackElo "1635"]
[PlyCount "80"]
[EventDate "2018.04.29"]
[EventType "swiss"]
[EventRounds "11"]
[EventCountry "JPN"]
[SourceTitle "CBM 184 Extra"]
[Source "ChessBase"]
[SourceDate "2018.06.28"]
[SourceVersion "1"]
[SourceVersionDate "2018.06.28"]
[SourceQuality "1"]

1. d4 Nf6 2. c4 c5 3. d5 e6 4. Nc3 exd5 5. cxd5 d6 6. e4 g6 7. Nf3 a6 8. a4 Bg4 9. Bd3 Bg7 10. 0-0 0-0 11. h3 Bxf3 12. Qxf3 Qc7 13. Bg5 Nfd7 14. Qg3 Ne5 15. Bf4 Nbd7 16. Rfd1 Rab8 17. Rab1 c4 18. Bc2 b5 19. axb5 axb5 20. Ne2 b4 21. Ba4 Nc5 22. Bc6 Nxe4 23. Qe3 Nc5 24. Bxe5 Bxe5 25. f4 Bg7 26. Nd4 Rfd8 27. f5 Qb6 28. fxg6 hxg6 29. Kh1 Nb3 30. Qe7 Nxd4 31. Rf1 Nf5 32. Rxf5 gxf5 33. Rf1 Qd4 34. Qg5 Qf6 35. Qf4 c3 36. bxc3 bxc3 37. Ba4 Rb2 38. Qc1 Qg6 39. Bc2 Re8 40. Qd1 Qg3 0-1

[Event "JPN-ch 46th"]
[Site "Tokyo"]
[Date "2013.05.02"]
[Round "4"]
[White "Hamane, Kenichi"]
[Black "Ikeda, Junta"]
[Result "0-1"]
[WhiteElo "1884"]
[BlackElo "2367"]
[PlyCount "94"]
[EventDate "2013.05.01"]
[EventType "swiss"]
[EventRounds "11"]
[EventCountry "JPN"]
[SourceTitle "CBM 154 Extra"]
[Source "ChessBase"]
[SourceDate "2013.06.25"]
[SourceVersion "2"]
[SourceVersionDate "2013.06.25"]
[SourceQuality "1"]

1. d4 Nf6 2. c4 g6 3. Nc3 Bg7 4. e4 d6 5. f4 0-0 6. Nf3 c5 7. d5 e6 8. dxe6 Bxe6 9. Bd3 Nc6 10. 0-0 Bg4 11. h3 Bxf3 12. Qxf3 Nd4 13. Qf2 Nd7 14. Be3 a6 15. Rad1 Rb8 16. a4 Re8 17. Kh1 Nc6 18. Bb1 Bxc3 19. bxc3 Qe7 20. Qd2 Nf6 21. Qxd6 Qxd6 22. Rxd6 Nxe4 23. Bxe4 Rxe4 24. Bxc5 Rxc4 25. Bd4 Rxa4 26. Bf6 Ra5 27. g4 Re8 28. Rfd1 Ra2 29. f5 a5 30. h4 a4 31. h5 Rae2 32. hxg6 hxg6 33. R6d3 R2e3 34. R1d2 Rxd3 35. Rxd3 Re1+ 36. Kg2 Kf8 37. Rh3 Ke8 38. Rh8+ Kd7 39. fxg6 fxg6 40. g5 b5 41. Rh7+ Ke6 42. Rb7 Rb1 43. Rb6 Kd6 44. Kf3 Kc7 45. Ra6 Kb7 46. Rxc6 Kxc6 47. Ke3 a3 0-1

[Event "Budapest Spring op 24th"]
[Site "Budapest"]
[Date "2008.03.28"]
[Round "8"]
[White "Hamane, Kenichi"]
[Black "Horvath, Jeno Kalman"]
[Result "1-0"]
[WhiteElo "1951"]
[BlackElo "2113"]
[PlyCount "119"]
[EventDate "2008.03.21"]
[EventType "swiss"]
[EventRounds "9"]
[EventCountry "HUN"]
[SourceTitle "CBM 123 Extra"]
[Source "ChessBase"]
[SourceDate "2008.05.06"]
[SourceVersion "1"]
[SourceVersionDate "2008.05.06"]
[SourceQuality "1"]

1. d4 Nf6 2. c4 e6 3. Nc3 d5 4. Nf3 c5 5. e3 Nc6 6. cxd5 exd5 7. h3 Be7 8. Be2 a6 9. a4 0-0 10. 0-0 Ne4 11. dxc5 Nxc3 12. bxc3 Bxc5 13. Nd4 Re8 14. Bf3 Ne5 15. Be2 Bb6 16. Qb3 Bc7 17. Ba3 Rb8 18. Rfd1 Ng6 19. Bf3 Qf6 20. Bxd5 Ne5 21. c4 Nc6 22. Bb2 Qg6 23. e4 Be5 24. Rab1 Bd7 25. Ne2 Bc7 26. Qf3 Be6 27. Nf4 Qg5 28. Nd3 Ne5 29. Bxe5 Bxe5 30. Nxe5 Qxe5 31. c5 Qc7 32. Rdc1 h6 33. Rb6 Re7 34. Qa3 Qd8 35. Qa2 Qc8 36. a5 Kh7 37. Qc4 Qe8 38. Rcb1 Qd7 39. Rxa6 Qc7 40. Rab6 Ra8 41. a6 bxa6 42. c6 Qe5 43. Bxe6 Rxe6 44. f3 Rc8 45. Rxa6 Qf4 46. Qc1 Qd6 47. Rbb6 Qd4+ 48. Kh1 Rg6 49. Qg1 Qc4 50. Ra7 Rcxc6 51. Rxc6 Qxc6 52. Rxf7 Qc2 53. Ra7 Rd6 54. Ra1 Rg6 55. Rf1 h5 56. Qf2 Qd3 57. Re1 Rc6 58. Qe2 Qc3 59. e5 Rb6 60. Qe4+ 1-0

[Event "Budapest FS03 FM-B"]
[Site "Budapest"]
[Date "2008.03.07"]
[Round "7"]
[White "Hamane, Kenichi"]
[Black "Czimer, Jozsef"]
[Result "1-0"]
[WhiteElo "1951"]
[BlackElo "1895"]
[PlyCount "95"]
[EventDate "2008.03.01"]
[EventType "tourn"]
[EventRounds "10"]
[EventCountry "HUN"]
[SourceTitle "CBM 123 Extra"]
[Source "ChessBase"]
[SourceDate "2008.05.06"]
[SourceVersion "1"]
[SourceVersionDate "2008.05.06"]
[SourceQuality "1"]

1. d4 d5 2. c4 e6 3. Nc3 c6 4. e3 Nf6 5. Nf3 Bd6 6. Bd3 dxc4 7. Bxc4 Nbd7 8. 0-0 0-0 9. b3 e5 10. Bb2 Qe7 11. Qc2 g6 12. Ne4 Nxe4 13. Qxe4 Nf6 14. Qh4 e4 15. Ng5 h5 16. f4 Nd5 17. Qg3 Bf5 18. h4 f6 19. Nh3 Kh7 20. Kh1 Rg8 21. Qf2 Bg4 22. Rac1 Qe6 23. Ng1 Rg7 24. Ne2 Rd7 25. Nc3 a6 26. Na4 Qf7 27. Nb6 Rad8 28. Bxd5 cxd5 29. Nxd7 Bxd7 30. Bc3 b6 31. Qe1 Qe7 32. a4 f5 33. g3 Rb8 34. Ra1 a5 35. Bb2 Bb4 36. Bc3 Bd6 37. Qd2 Ra8 38. Rfb1 Bb4 39. Bxb4 axb4 40. Rc1 Qd6 41. Rc2 Ra7 42. a5 bxa5 43. Rc5 Qb6 44. Qc2 Qd6 45. Rcxa5 Rxa5 46. Rxa5 Qb8 47. Qc5 Be6 48. Qe7+ 1-0